000 00592nam a2200229Ia 4500
003 OSt
005 20221005120856.0
006 a|||||r|||| 00| 0
007 ta
008 221004b |||||||| |||| 00| 0 eng d
024 _a31906
037 _cTextual
040 _aCRL
_cCRL
_beng
041 _2eng
_aeng
082 _a82:N70, K9
100 _aFodor Eugene Ed.
_97486
245 0 _aFodor's guide to India,1970.
260 _c1969
700 _a Curtis William
_9629764
942 _h82:N70, K9
_cTEXL
_2cc
999 _c1039386
_d1039386